Paris

Λεπτομερής παρουσίαση του Παρισιού με τα ιστορικά μνημεία, τα διάσημα μουσεία και τα πιο φημισμένα μέρη

Αποθηκεύτηκε σε:
Λεπτομέρειες βιβλιογραφικής εγγραφής
Κύριος συγγραφέας: Brouwers, Pierre
Συγγραφή απο Οργανισμό/Αρχή: Media 9s (Firm) (Παραγωγός)
Μορφή: Βίντεο VHS
Γλώσσα:French
Δημοσίευση: [France] : Hachette, [1988]
Σειρά:Video guides ; ; 3
Θέματα:
Ετικέτες: Προσθήκη ετικέτας
Δεν υπάρχουν, Καταχωρήστε ετικέτα πρώτοι!

MARC

LEADER 00000 gm a2200000 i 4500
001 1/41495
007 vf ubuho
008 070222s1988 fr freod
035 |l 10087103 
040 |a GR-MY-UA  |b gre  |e aacr 
041 0 |a fre 
082 0 |a 914.436 
100 1 |a Brouwers, Pierre. 
245 1 0 |a Paris  |h [μαγνητοσκόπηση] /  |c realisation: Pierre Brouwers avec la collaboration de Philippe Lassale ; production: Media 9 
260 |a [France] :   |b Hachette,   |c [1988] 
300 |a 1 βιντεοκασέτα (60 λεπτ.);  |b ομιλ., έγχρ.;  |c 1/2 ιν. 
490 1 |a Video guides  |v ; 3 
520 |a Λεπτομερής παρουσίαση του Παρισιού με τα ιστορικά μνημεία, τα διάσημα μουσεία και τα πιο φημισμένα μέρη 
651 0 |a Paris (France)  |x Description and travel. 
651 0 |a Paris (France)  |x Guidebooks. 
710 2 |a Media 9s (Firm)  |4 pro 
830 0 |a Video guides ;  |v ; 3 
852 |a INST  |b RHODES  |c AV  |e 20070222  |h 914.436 BRO  |p 005400020719  |q 005400020719  |t VC  |y 23 
901 |a BIBL4-2007-1 
909 |a Ρ  |b 022797 
970 |a ΚΟΖΑ  |b ΜΑΡΙΑ  |z 2007/02/22